Größte Metropolregionen Mexikos - Statistiken

Allgemein
  • Dieses Quiz wurde 15 mal gespielt
  • Das Durchschnittsergebnis liegt bei 8 aus 17
Antwortstatistiken
Einwohnerzahl Metropolregion % Korrekt
21.804.515 Mexiko-Stadt
100%
5.268.642 Guadalajara
86%
2.157.853 Tijuana
86%
5.341.177 Monterrey
71%
1.316.088 Mérida
57%
1.924.771 León
50%
3.199.530 Puebla
50%
1.271.366 San Luis
43%
1.140.916 Aguascalientes
36%
1.003.530 Culiacán
36%
1.512.450 Juárez
36%
1.594.212 Querétaro
36%
2.353.924 Toluca
36%
1.049.792 Mexicali
29%
1.031.779 Saltillo
29%
1.028.589 Cuernavaca
21%
1.434.283 La Laguna
7%
Keine übereinstimmenden Quizze gefunden
Verteilung der Resultate
Anzahl Personen mit jedem Resultat
Perzentil nach korrekt beantworteten Fragen
Ihre Resultats-Entwicklung
Sie haben dieses Quiz noch nicht gespielt